Ueber eine neue auf Juncus-Arten wachsende Species der Gattung Urocystis

Bibliographic Details
Main Author: Lagerheim, Gustav, 1860-1926 (Author)
Format: Book
Language:German
Latin
PhysicalDescription:s.201-203 23 cm
Published: [b.m.] [b.t.] 1888
Series:Mykologiska Bidrag VI.
Subjects:

MARC

LEADER 00000nam a2200000 a 4500
001 vtls011589600
003 SK-MaSNL
005 20260301041851.0
008 251112 1888 000 0 ger
015 |a SNBHFA 
020 |q (viaz.) 
035 |a urn:nbn:sk:snk-am00crzn 
035 |a urn:nbn:sk:snk-am3hahx 
035 |a CF1559FB-1676-4AB6-8212-5FAE4E937617 
040 |a SNKHFA  |b slo  |c SNK  |e AACR2 
041 0 |a ger  |a lat 
072 7 |a 58  |x Botanika  |2 konspekt 
080 |a 581  |2 2011 
080 |a 582.28  |2 2011 
100 1 |a Lagerheim, Gustav,  |d 1860-1926  |4 aut  |9 344243 
245 1 0 |a Ueber eine neue auf Juncus-Arten wachsende Species der Gattung Urocystis  |c Af G. Lagerheim 
260 |a [b.m.]  |b [b.t.]  |c 1888 
300 |a s.201-203  |c 23 cm 
490 0 |a Mykologiska Bidrag  |v VI. 
501 |a Príväzok 19. k: BUBÁK, Fr. O rezích, které cizopasí na některých Rubiaceích. V Praze: Král. Česká společnost náuk, 1898.  |5 SNK IC 143030 
525 |a Afdrag ur Botaniska Notiser 1888 
561 |a Okrúhla pečiatka: Museálna slovenská spoločnosť.  |5 SNK IC 143030 
650 0 7 |a botanika  |2 SNKPH  |9 688 
650 0 7 |a huby  |2 SNKPH  |9 3562 
700 1 |a Kmeť, Andrej,  |d 1841-1908  |4 fmo  |9 191981 
770 0 |a Botaniska Notiser 
852 |a snk  |b Historické fondy  |p IC 143030 
958 |a ONDV 
999 |c 589549  |d 591479 
952 |t Kme X/848/a  |a SNK  |b SNK  |c SNK_HF  |y PREZ  |7 0  |p 17A1129263  |o snkIC 143030/prív.19  |i snk2016/25214  |8 5  |0 0  |1 0  |4 0  |d 2016-10-28  |f 1  |l 0  |r 2026-02-23 15:20:24  |w 2026-02-23